1112 1783 1371 1502 1395 1736 1927 1332 1438 1350 1613 1381 1442 1393 1164 1982 1872 1939 1859 1645 1767 1956 1339 1133 1476 1791 1210 1149 1020 1281 1710 1460 1028 1824 1840 1140 1850 1300 1383 1966 1917 1949 1929 1779 1639 1133 1324 1930 1993 1238 1222 1439 1474 1261 1173 1716 1983 1217 1762 1861 1056 1751 1587 1733 1433 1412 1349 1728 1591 1680 1214 1854 1060 1109 1067 1224 1963 1505 1655 1128 1209 1744 1392 1382 1459 1747 1458 1872 1672 1341 1950 1864 1541 1462 1607 1283 1131 1374 1497 BCNSPRNW ULIB Ver.6.0+V

เปลี่ยนเป็นภาษาไทย

Change to English
 แสดงรายละเอียดบรรณานุกรม
  กลับหน้าหลัก

Brief Record : Get Marc (ISO 2709) : E-mail record : QR code < ปิดหน้าต่าง
LEADER : 00000nas 2200000uu 4500
001    13399122789
003     ULIB
008    020711s|||| th a 000 0 tha d
022    19068670
110    สมาคมนักประชากรไทย
245    วารสารประชากร(วิทยาเขตนครสวรรค์) /^cสมาคมนักประชากรไทย
260    นครประฐม :^bมหาวิทยาลัยมหิดล,^cม.ป.ป.
310    ^aราย 6 เดือน
850    ^aปีที่ 4 ฉบับที่ 1
945    ^p0^l0^i800650
รายการนี้ยังไม่มีแท็ก
คุณยังไม่ได้ล็อกอิน คุณสามารถมีกิจกรรมร่วมกับเว็บไซต์ได้ แต่ต้องล็อกอินก่อน ::
  ล็อกอิน

รายการสื่อสารสนเทศ (วารสาร)

ดูแบบ: กล่อง รายการ
ARRIVED
ปีที่ 4 ฉบับที่ 1
สถานที่: ห้องสมุดวิทยาเขตนครสวรรค์ >วารสาร

BibComment


ยังไม่เคยถูกคอมเมนท์

คอมเมนท์ทรัพยากรรายการนี้
  คอมเมนท์: วารสารประชากรวิทย..


 Copyright 2026. Bcnsprnw @Library